Exposiciones internacionales de objetos y productos escogidos de artes, industria é invenciones científicas que deben verificarse anualmente en Londres á partir de 1871 : programa, disposiciones generales y particulares adoptadas por la Comisión Real Inglesa, y resoluciones tomadas por el gobierno para su ejecución, en lo respectivo á España programa, disposiciones generales y particulares adoptadas por la Comisión Real Inglesa, y resoluciones tomadas por el gobierno para su ejecución, en lo respectivo á España
Descripción Física:
64 p. ; 24 cm
MARC
| LEADER | 00000nam a2200000Ia 4500 | ||
|---|---|---|---|
| 001 | 22535 | ||
| 008 | 160829s1871 xx 000 0 cat d | ||
| 080 | |a RF-15-86 | ||
| 245 | |a Exposiciones internacionales de objetos y productos escogidos de artes, industria é invenciones científicas que deben verificarse anualmente en Londres á partir de 1871 : |b programa, disposiciones generales y particulares adoptadas por la Comisión Real Inglesa, y resoluciones tomadas por el gobierno para su ejecución, en lo respectivo á España | ||
| 260 | |a Madrid : |b Imp. del Colegio Nacional de Sordo - Mudos y de Ciegos, |c 1871 | ||
| 300 | |a 64 p. ; |c 24 cm | ||
| 590 | |a Prové de 1530 | ||
| 650 | |a Objectes d'art |x Exposicions |9 47781 | ||
| 650 | |a Innovacions tecnològiques |x Exposicions |9 47782 | ||
| 856 | 4 | |u https://media.diba.cat/diba/fitxers/arxiu/fulletons/bib_22535_1871_baixa.pdf |y Accés lliure | |
| 856 | 4 | |u https://media.diba.cat/diba/fitxers/arxiu/fulletons/bib_22535_1871_baixa.pdf |y Accés lliure | |
| 901 | |a Arxiu | ||
| 942 | |n 1 |2 udc | ||
| 952 | |0 0 |1 0 |4 0 |6 RF1586 |7 1 |9 54100 |a Arxiu |b Arxiu |d 2016-12-01 |l 0 |o RF-15-86 |p 22535 |r 2016-12-01 00:00:00 |w 2016-12-01 |y ARXIU | ||
| 999 | |c 57968 |d 57968 | ||
| 900 | |a bib_22535_1871_baixa.pdf | ||